A administração pública frente à lei inconstitucional / (Record no. 664)

MARC details
000 -LÍDER
Campo Fixo de Controle 00907nam a2200253 a 4500
001 - NÚMERO DE CONTROLE
Campo de Controle 664
003 - IDENTIFICAÇÃO DO NÚMERO DE CONTROLE
Campo de Controle BR-CuiBMT
005 - DATA E HORA DA ÚLTIMA ATUALIZAÇÃO
Campo de Controle 20231116015148.0
008 - DADOS FIXOS
Dados Fixos 231113s2011 mgb 001 0 por d
020 ## - INTERNATIONAL STANDARD BOOK NUMBER
Nº do ISBN 9788577004782
040 ## - AGÊNCIA CATALOGADORA
Código da Agência Catalogadora BR-CuiBMT
Agência que transcreveu o registro BR-CuiBMT
080 ## - Nº DA CLASSIFICAÇÃO DECIMAL UNIVERSAL
Nº edição CDU 2007
Nº Class. CDU 35.077.1:340.131.5
090 ## - NÚMERO DE CHAMADA
Nº classificação 35.077.1:340.131.5
Cutter G249a
100 10 - ENTRADA PRINCIPAL -- AUTOR PESSOAL
Nome pessoal Gasparetto, Patrick Roberto
245 12 - TÍTULO PRINCIPAL
Título principal A administração pública frente à lei inconstitucional /
Indicação de responsabilidade Patrick Roberto Gasparetto ; prefácio Marcelo Figueiredo ; apresentação Dinorá Adelaide Musetti Grotti.
260 ## - PUBLICAÇÃO, DISTRIBUIÇÃO, ETC.
Local de publicação Belo Horizonte :
Editora Fórum,
Data 2011.
300 ## - DESCRIÇÃO FÍSICA
N. páginas ou volumes 271 p. ;
Dimensões 22 cm
504 ## - NOTA DE BIBLIOGRAFIA, ETC.
Nota de bibliografia Inclui bibliografia e índice.
650 ## - ASSUNTO TÓPICO
Cabeçalho tópico ou nome geográfico Administração pública
Subdivisão geográfica Brasil
650 ## - ASSUNTO TÓPICO
Cabeçalho tópico ou nome geográfico Inconstitucionalidade das leis
Subdivisão geográfica Brasil
650 ## - ASSUNTO TÓPICO
Cabeçalho tópico ou nome geográfico Princípio da legalidade
Subdivisão geográfica Brasil
650 ## - ASSUNTO TÓPICO
Cabeçalho tópico ou nome geográfico Ato administrativo
Subdivisão geográfica Brasil
942 ## - ELEMENTOS DE ENTRADA ADICIONAIS (KOHA)
Fonte de classificação ou esquema de arquivamento Classificação Decimal Universal
Tipo de item do Koha Livros
Holdings
Estado: removido Estado: perdido Fonte de classificação ou esquema de arquivamento Estado: danificado Indisponível para empréstimo Localização permanente Localização atual Data de aquisição Total Checkouts Número de Chamada completo Código de barras Date last seen Número do exemplar Preço efetivo a partir de Tipo de item (Koha)
    Classificação Decimal Universal     Biblioteca da Escola Superior de Contas do TCE/MT Biblioteca da Escola Superior de Contas do TCE/MT 13/11/2023   35.077.1:340.13 G249a BIBTCEMT23110501 13/11/2023 Ex. 1 13/11/2023 Livros
    Classificação Decimal Universal     Biblioteca da Escola Superior de Contas do TCE/MT Biblioteca da Escola Superior de Contas do TCE/MT 13/11/2023   35.077.1:340.13 G249a BIBTCEMT23110502 13/11/2023 Ex. 2 13/11/2023 Livros

Powered by Koha